<?xml version="1.0" encoding="UTF-8"?>
<record
    xmlns:xsi="http://www.w3.org/2001/XMLSchema-instance"
    xsi:schemaLocation="http://www.loc.gov/MARC21/slim http://www.loc.gov/standards/marcxml/schema/MARC21slim.xsd"
    xmlns="http://www.loc.gov/MARC21/slim">

  <leader>01517ngm a22002897a 4500</leader>
  <controlfield tag="005">20080708143856.0</controlfield>
  <controlfield tag="007">cd</controlfield>
  <controlfield tag="008">080708t        xxu||||| |||| 00| 0 eng d</controlfield>
  <datafield tag="010" ind1=" " ind2=" ">
    <subfield code="a">DVD-000079-81</subfield>
  </datafield>
  <datafield tag="024" ind1=" " ind2=" ">
    <subfield code="c">Rs.99.00</subfield>
  </datafield>
  <datafield tag="037" ind1=" " ind2=" ">
    <subfield code="a">0173/ 12-05-08</subfield>
  </datafield>
  <datafield tag="040" ind1=" " ind2=" ">
    <subfield code="a">Dpl</subfield>
  </datafield>
  <datafield tag="082" ind1=" " ind2=" ">
    <subfield code="a">CD / RAMA</subfield>
  </datafield>
  <datafield tag="245" ind1=" " ind2=" ">
    <subfield code="a">Ramayana:</subfield>
    <subfield code="c">Produced and Published by Vision Interactive Systems</subfield>
    <subfield code="h">CD-Rom</subfield>
    <subfield code="b">The Greatest Epic of Indian Mythology</subfield>
  </datafield>
  <datafield tag="260" ind1=" " ind2=" ">
    <subfield code="a">Banglore</subfield>
    <subfield code="b">Vision Interactive Systems</subfield>
    <subfield code="c">2008</subfield>
  </datafield>
  <datafield tag="300" ind1=" " ind2=" ">
    <subfield code="a">1 Videodisc (CD)</subfield>
  </datafield>
  <datafield tag="440" ind1=" " ind2=" ">
    <subfield code="a">Buzzers Series</subfield>
  </datafield>
  <datafield tag="500" ind1=" " ind2=" ">
    <subfield code="a">For all ages</subfield>
  </datafield>
  <datafield tag="500" ind1=" " ind2=" ">
    <subfield code="a">Ramayana is undoubtedly the most popular and timeless Indian epic rad and loved by all.</subfield>
  </datafield>
  <datafield tag="538" ind1=" " ind2=" ">
    <subfield code="a">Minimus system reauirements: P-III &amp; above, 64 MB RAM, CD-Rom Drive, Windows XP/2000/MW/NT, 256 Color VGA Display</subfield>
  </datafield>
  <datafield tag="650" ind1=" " ind2=" ">
    <subfield code="2">Animated Stories</subfield>
  </datafield>
  <datafield tag="942" ind1=" " ind2=" ">
    <subfield code="c">CF</subfield>
    <subfield code="h">CD / RAMA</subfield>
    <subfield code="2">ddc</subfield>
  </datafield>
  <datafield tag="999" ind1=" " ind2=" ">
    <subfield code="c">14478</subfield>
    <subfield code="d">14478</subfield>
  </datafield>
  <datafield tag="952" ind1=" " ind2=" ">
    <subfield code="0">0</subfield>
    <subfield code="1">0</subfield>
    <subfield code="2">ddc</subfield>
    <subfield code="4">0</subfield>
    <subfield code="7">0</subfield>
    <subfield code="a">L</subfield>
    <subfield code="b">L</subfield>
    <subfield code="d">2008-07-17</subfield>
    <subfield code="g">99.00</subfield>
    <subfield code="l">2</subfield>
    <subfield code="o">CD / RAMA</subfield>
    <subfield code="p">DVD-000079</subfield>
    <subfield code="r">2011-06-17 00:00:00</subfield>
    <subfield code="s">2011-06-09</subfield>
    <subfield code="v">99.00</subfield>
    <subfield code="w">2008-09-15</subfield>
    <subfield code="y">CF</subfield>
  </datafield>
  <datafield tag="952" ind1=" " ind2=" ">
    <subfield code="0">0</subfield>
    <subfield code="1">0</subfield>
    <subfield code="2">ddc</subfield>
    <subfield code="4">0</subfield>
    <subfield code="7">0</subfield>
    <subfield code="a">ZLS</subfield>
    <subfield code="b">ZLS</subfield>
    <subfield code="d">2008-07-17</subfield>
    <subfield code="g">99.00</subfield>
    <subfield code="l">7</subfield>
    <subfield code="o">CD / RAMA</subfield>
    <subfield code="p">DVD-000080</subfield>
    <subfield code="r">2012-01-25 00:00:00</subfield>
    <subfield code="s">2012-01-09</subfield>
    <subfield code="v">99.00</subfield>
    <subfield code="w">2008-09-15</subfield>
    <subfield code="y">CF</subfield>
  </datafield>
  <datafield tag="952" ind1=" " ind2=" ">
    <subfield code="0">0</subfield>
    <subfield code="1">0</subfield>
    <subfield code="2">ddc</subfield>
    <subfield code="4">0</subfield>
    <subfield code="7">0</subfield>
    <subfield code="a">BL1</subfield>
    <subfield code="b">BL1</subfield>
    <subfield code="d">2008-07-17</subfield>
    <subfield code="g">99.00</subfield>
    <subfield code="l">3</subfield>
    <subfield code="o">CD / RAMA</subfield>
    <subfield code="p">DVD-000081</subfield>
    <subfield code="r">2011-10-28 00:00:00</subfield>
    <subfield code="s">2011-10-14</subfield>
    <subfield code="v">99.00</subfield>
    <subfield code="w">2008-09-15</subfield>
    <subfield code="y">CF</subfield>
  </datafield>
</record>
